| 000 | 00540nam a2200181Ia 4500 | ||
|---|---|---|---|
| 005 | 20250326141646.0 | ||
| 008 | 250326s9999 xx 000 0 und d | ||
| 037 | _aTextbook | ||
| 040 |
_aFMSL _beng _cFMSL |
||
| 041 |
_aeng _2eng |
||
| 084 |
_aX:89ZB(F) M7 _qFMSL |
||
| 100 | _aUnited Nations | ||
| 245 | 0 |
_aIndustry and technology developments news _cUnited Nations |
|
| 260 |
_aUnited _bUnited, Nations Economic And Social Commission _c1987 |
||
| 300 | _a93p | ||
| 942 |
_cTB _hX:89ZB(F) M7 |
||
| 999 |
_c1291358 _d1291358 |
||